[Event "Stay Safe Play From Home 370"]
[Site "Emanuel Lasker Arena"]
[Date "2020.08.10"]
[Round "1"]
[White "Brksml"]
[Black "Tvtower68"]
[Result "1-0"]
[WhiteElo "2399"]
[BlackElo "1754"]
[Annotator "NA"]
[PlyCount "75"]
[EventDate "2020.08.10"]
[EventType "swiss (blitz)"]

1. e4 {[%emt 0:00:00]} Nf6 {[%emt 0:00:01]} 2. e5 {[%emt 0:00:01]} Nd5 {[%emt 0:00:01]} 3. c4 {[%emt 0:00:00]} Nb6 {[%emt 0:00:01]} 4. d4 {[%emt 0:00:00]} e6 {[%emt 0:00:01]} 5. Nc3 {[%emt 0:00:01]} d5 {[%emt 0:00:00]} 6. exd6 {[%emt 0:00:00]} cxd6 {[%emt 0:00:01]} 7. Nf3 {[%emt 0:00:01]} d5 {[%emt 0:00:00]} 8. c5 {[%emt 0:00:01]} N6d7 {[%emt 0:00:01]} 9. Bf4 {[%emt 0:00:01]} b6 {[%emt 0:00:00]} 10. b4 {[%emt 0:00:01]} bxc5 {[%emt 0:00:01]} 11. bxc5 {[%emt 0:00:01]} Nc6 {[%emt 0:00:01]} 12. Bb5 {[%emt 0:00:01]} Bb7 {[%emt 0:00:01]} 13. O-O {[%emt 0:00:01]} a6 {[%emt 0:00:01]} 14. Ba4 {[%emt 0:00:01]} Be7 {[%emt 0:00:01]} 15. Rb1 {[%emt 0:00:00]} Qc8 {[%emt 0:00:02]} 16. Qb3 {[%emt 0:00:01]} Na5 {[%emt 0:00:03]} 17. Qc2 {[%emt 0:00:01]} Bc6 {[%emt 0:00:02]} 18. Rfe1 {[%emt 0:00:03]} O-O {[%emt 0:00:03]} 19. h3 {[%emt 0:00:03]} Nc4 {[%emt 0:00:01]} 20. Bxc6 {[%emt 0:00:03]} Qxc6 {[%emt 0:00:01]} 21. Rb3 {[%emt 0:00:01]} a5 {[%emt 0:00:02]} 22. Reb1 {[%emt 0:00:01]} a4 {[%emt 0:00:02]} 23. Rb5 {[%emt 0:00:01]} Na3 {[%emt 0:00:01]} 24. Qb2 {[%emt 0:00:03]} Nxb5 {[%emt 0:00:01]} 25. Nxb5 {[%emt 0:00:00]} h6 {[%emt 0:00:06]} 26. Bg3 {[%emt 0:00:01]} Nf6 {[%emt 0:00:02]} 27. Ne5 {[%emt 0:00:02]} Qc8 {[%emt 0:00:04]} 28. a3 {[%emt 0:00:02]} Ne4 {[%emt 0:00:01]} 29. Bf4 {[%emt 0:00:01]} Bf6 {[%emt 0:00:03]} 30. f3 {[%emt 0:00:01]} g5 {[%emt 0:00:02]} 31. Bh2 {[%emt 0:00:01]} Bg7 {[%emt 0:00:02]} 32. fxe4 {[%emt 0:00:02]} dxe4 {[%emt 0:00:01]} 33. Nd6 {[%emt 0:00:01]} Qc7 {[%emt 0:00:02]} 34. Nec4 {[%emt 0:00:01]} Qd7 {[%emt 0:00:02]} 35. Nxe4 {[%emt 0:00:01]} Bxd4+ {[%emt 0:00:02]} 36. Qxd4 {[%emt 0:00:01]} Qxd4+ {[%emt 0:00:01]} 37. Nf2 {[%emt 0:00:00]} Qxc4 {[%emt 0:00:01]} 38. Bd6 {[%emt 0:00:01] Time Time Time Time Time (Lag: Av=0.37s, max=0.8s) (Lag: Av=0.37s, max=0.8s) (Lag: Av=0.37s, max=0.8s) (Lag: Av=0.37s, max=0.8s) (Lag: Av=0.37s, max=0.8s)} 1-0

[Event "Stay Safe Play From Home 370"]
[Site "Emanuel Lasker Arena"]
[Date "2020.08.10"]
[Round "2"]
[White "SoulofWolf"]
[Black "Brksml"]
[Result "0-1"]
[WhiteElo "2165"]
[BlackElo "2400"]
[PlyCount "100"]
[EventDate "2020.08.10"]
[EventType "swiss (blitz)"]

1. c4 {[%emt 0:00:01]} e6 {[%emt 0:00:00]} 2. e3 {[%emt 0:00:00]} d5 {[%emt 0:00:01]} 3. Nf3 {[%emt 0:00:00]} Nf6 {[%emt 0:00:01]} 4. b3 {[%emt 0:00:01]} Be7 {[%emt 0:00:00]} 5. Bb2 {[%emt 0:00:01]} O-O {[%emt 0:00:00]} 6. d4 {[%emt 0:00:00]} c6 {[%emt 0:00:01]} 7. Nbd2 {[%emt 0:00:00]} Nbd7 {[%emt 0:00:01]} 8. Bd3 {[%emt 0:00:01]} b6 {[%emt 0:00:01]} 9. O-O {[%emt 0:00:00]} Bb7 {[%emt 0:00:00]} 10. Rc1 {[%emt 0:00:00]} Rc8 {[%emt 0:00:01]} 11. Qc2 {[%emt 0:00:00]} c5 {[%emt 0:00:01]} 12. Qb1 {[%emt 0:00:00]} cxd4 {[%emt 0:00:01]} 13. Nxd4 {[%emt 0:00:00]} dxc4 {[%emt 0:00:01]} 14. Nxc4 {[%emt 0:00:01]} Nc5 {[%emt 0:00:01]} 15. Be2 {[%emt 0:00:01]} a6 {[%emt 0:00:02]} 16. Rfd1 {[%emt 0:00:01]} Qc7 {[%emt 0:00:01]} 17. a4 {[%emt 0:00:00]} Qb8 {[%emt 0:00:01]} 18. Ba1 {[%emt 0:00:01]} Ba8 {[%emt 0:00:01]} 19. Nf3 {[%emt 0:00:01]} Rfd8 {[%emt 0:00:01]} 20. Be5 {[%emt 0:00:00]} Qb7 {[%emt 0:00:01]} 21. Ne1 {[%emt 0:00:02]} Qa7 {[%emt 0:00:04]} 22. h3 {[%emt 0:00:06]} Nd5 {[%emt 0:00:01]} 23. Qb2 {[%emt 0:00:03]} Bf6 {[%emt 0:00:02]} 24. Nf3 {[%emt 0:00:03]} Bxe5 {[%emt 0:00:01]} 25. Ncxe5 {[%emt 0:00:00]} f6 {[%emt 0:00:01]} 26. Nc4 {[%emt 0:00:02]} Nb4 {[%emt 0:00:02]} 27. Bf1 {[%emt 0:00:03]} Nbd3 {[%emt 0:00:02]} 28. Bxd3 {[%emt 0:00:00]} Nxd3 {[%emt 0:00:00]} 29. Qd2 {[%emt 0:00:04]} Nxc1 {[%emt 0:00:02]} 30. Qxd8+ {[%emt 0:00:01]} Rxd8 {[%emt 0:00:00]} 31. Rxd8+ {[%emt 0:00:01]} Kf7 {[%emt 0:00:01]} 32. Rd6 {[%emt 0:00:07]} Bd5 {[%emt 0:00:03]} 33. Nxb6 {[%emt 0:00:01]} Kg6 {[%emt 0:00:05]} 34. Nh4+ {[%emt 0:00:01]} Kh6 {[%emt 0:00:01]} 35. Nxd5 {[%emt 0:00:04]} exd5 {[%emt 0:00:01]} 36. Rxd5 {[%emt 0:00:00]} Qb7 {[%emt 0:00:00]} 37. Nf5+ {[%emt 0:00:01]} Kg6 {[%emt 0:00:02]} 38. e4 {[%emt 0:00:00]} Qxb3 {[%emt 0:00:03]} 39. Ne7+ {[%emt 0:00:03]} Kf7 {[%emt 0:00:01]} 40. Nf5 {[%emt 0:00:01]} Nd3 {[%emt 0:00:02]} 41. Kh2 {[%emt 0:00:00]} Nxf2 {[%emt 0:00:01]} 42. Nd6+ {[%emt 0:00:00]} Kg6 {[%emt 0:00:01]} 43. Nf5 {[%emt 0:00:01]} Nxe4 {[%emt 0:00:01]} 44. Nh4+ {[%emt 0:00:01]} Kf7 {[%emt 0:00:01]} 45. Rd7+ {[%emt 0:00:01]} Ke6 {[%emt 0:00:00]} 46. Ra7 {[%emt 0:00:00]} Qg3+ {[%emt 0:00:00]} 47. Kg1 {[%emt 0:00:01]} Qxh4 {[%emt 0:00:00]} 48. Rxa6+ {[%emt 0:00:01]} Kf5 {[%emt 0:00:00]} 49. Ra5+ {[%emt 0:00:01]} Kg6 {[%emt 0:00:01]} 50. Kf1 {[%emt 0:00:01]} Qf2# {[%emt 0:00:00] (Lag: Av=0.28s, max=0.8s) (Lag: Av=0.28s, max=0.8s) (Lag: Av=0.28s, max=0.8s) (Lag: Av=0.28s, max=0.8s) (Lag: Av=0.28s, max=0.8s)} 0-1

[Event "Stay Safe Play From Home 370"]
[Site "Emanuel Lasker Arena"]
[Date "2020.08.10"]
[Round "3"]
[White "Lamborghini"]
[Black "Brksml"]
[Result "1-0"]
[WhiteElo "2370"]
[BlackElo "2407"]
[PlyCount "89"]
[EventDate "2020.08.10"]
[EventType "swiss (blitz)"]

1. e4 {[%emt 0:00:02]} e6 {[%emt 0:00:01]} 2. d3 {[%emt 0:00:01]} d5 {[%emt 0:00:00]} 3. Nd2 {[%emt 0:00:01]} Nf6 {[%emt 0:00:00]} 4. Ngf3 {[%emt 0:00:00]} Nc6 {[%emt 0:00:00]} 5. g3 {[%emt 0:00:01]} dxe4 {[%emt 0:00:00]} 6. dxe4 {[%emt 0:00:01]} e5 {[%emt 0:00:00]} 7. Bb5 {[%emt 0:00:02]} Bd6 {[%emt 0:00:02]} 8. O-O {[%emt 0:00:02]} O-O {[%emt 0:00:01]} 9. Re1 {[%emt 0:00:00]} Bg4 {[%emt 0:00:02]} 10. c3 {[%emt 0:00:03]} Qd7 {[%emt 0:00:04]} 11. Qa4 {[%emt 0:00:02]} a6 {[%emt 0:00:02]} 12. Be2 {[%emt 0:00:01]} b5 {[%emt 0:00:02]} 13. Qc2 {[%emt 0:00:01]} Bc5 {[%emt 0:00:01]} 14. Nf1 {[%emt 0:00:02]} Bh3 {[%emt 0:00:04]} 15. Be3 {[%emt 0:00:01]} Bxe3 {[%emt 0:00:03]} 16. Nxe3 {[%emt 0:00:01]} Rad8 {[%emt 0:00:00]} 17. a4 {[%emt 0:00:03]} b4 {[%emt 0:00:05]} 18. Red1 {[%emt 0:00:02]} Qe6 {[%emt 0:00:01]} 19. Bxa6 {[%emt 0:00:01]} bxc3 {[%emt 0:00:03]} 20. bxc3 {[%emt 0:00:01]} Ng4 {[%emt 0:00:07]} 21. Bc4 {[%emt 0:00:02]} Qf6 {[%emt 0:00:02]} 22. Nxg4 {[%emt 0:00:02]} Bxg4 {[%emt 0:00:00]} 23. Nh4 {[%emt 0:00:02]} Bxd1 {[%emt 0:00:01]} 24. Rxd1 {[%emt 0:00:00]} Rxd1+ {[%emt 0:00:01]} 25. Qxd1 {[%emt 0:00:00]} g6 {[%emt 0:00:01]} 26. Bd5 {[%emt 0:00:01]} Ne7 {[%emt 0:00:02]} 27. Bb3 {[%emt 0:00:01]} Rb8 {[%emt 0:00:02]} 28. Nf3 {[%emt 0:00:01]} Qd6 {[%emt 0:00:01]} 29. Qxd6 {[%emt 0:00:01]} cxd6 {[%emt 0:00:00]} 30. Bc4 {[%emt 0:00:01]} Nc6 {[%emt 0:00:01]} 31. Bb5 {[%emt 0:00:01]} Na7 {[%emt 0:00:01]} 32. Bc4 {[%emt 0:00:01]} Kf8 {[%emt 0:00:01]} 33. Ng5 {[%emt 0:00:01]} Rc8 {[%emt 0:00:01]} 34. Bd5 {[%emt 0:00:01]} Rxc3 {[%emt 0:00:01]} 35. Nxf7 {[%emt 0:00:00]} Ra3 {[%emt 0:00:01]} 36. Kg2 {[%emt 0:00:00]} Rxa4 {[%emt 0:00:01]} 37. Ng5 {[%emt 0:00:00]} Rd4 {[%emt 0:00:00]} 38. Ne6+ {[%emt 0:00:01]} Ke7 {[%emt 0:00:00]} 39. Nxd4 {[%emt 0:00:00]} exd4 {[%emt 0:00:00]} 40. f4 {[%emt 0:00:01]} Nb5 {[%emt 0:00:00]} 41. Kf3 {[%emt 0:00:00]} Nc7 {[%emt 0:00:01]} 42. Ke2 {[%emt 0:00:01]} Nb5 {[%emt 0:00:01]} 43. Kd3 {[%emt 0:00:01]} Kf6 {[%emt 0:00:00]} 44. h4 {[%emt 0:00:01]} h5 {[%emt 0:00:00]} 45. g4 {[%emt 0:00:00] Time Time Time Time Time (Lag: Av=0.32s, max=0.8s) (Lag: Av=0.32s, max=0.8s) (Lag: Av=0.32s, max=0.8s) (Lag: Av=0.32s, max=0.8s) (Lag: Av=0.32s, max=0.8s)} 1-0

[Event "Stay Safe Play From Home 370"]
[Site "Emanuel Lasker Arena"]
[Date "2020.08.10"]
[Round "4"]
[White "SelamiSahin"]
[Black "Lamborghini"]
[Result "0-1"]
[WhiteElo "2138"]
[BlackElo "2388"]
[PlyCount "80"]
[EventDate "2020.08.10"]
[EventType "swiss (blitz)"]

{Yarar, Atakan} 1. d4 {[%emt 0:00:01]} Nf6 {[%emt 0:00:01]} 2. c4 {[%emt 0:00:01]} g6 {[%emt 0:00:00]} 3. Nc3 {[%emt 0:00:01]} Bg7 {[%emt 0:00:00]} 4. e4 {[%emt 0:00:01]} O-O {[%emt 0:00:00]} 5. Be2 {[%emt 0:00:00]} d6 {[%emt 0:00:01]} 6. Be3 {[%emt 0:00:00]} c5 {[%emt 0:00:02]} 7. Nf3 {[%emt 0:00:01]} Ng4 {[%emt 0:00:02]} 8. Bg5 {[%emt 0:00:01]} h6 {[%emt 0:00:03]} 9. Bh4 {[%emt 0:00:01]} cxd4 {[%emt 0:00:01]} 10. Nxd4 {[%emt 0:00:00]} Nf6 {[%emt 0:00:01]} 11. O-O {[%emt 0:00:02]} Nc6 {[%emt 0:00:00]} 12. Nxc6 {[%emt 0:00:04]} bxc6 {[%emt 0:00:00]} 13. f3 {[%emt 0:00:01]} Qb6+ {[%emt 0:00:02]} 14. Bf2 {[%emt 0:00:01]} Qxb2 {[%emt 0:00:01]} 15. Na4 {[%emt 0:00:01]} Qa3 {[%emt 0:00:01]} 16. Bd4 {[%emt 0:00:07]} Nd7 {[%emt 0:00:03]} 17. Bxg7 {[%emt 0:00:01]} Kxg7 {[%emt 0:00:00]} 18. Qd4+ {[%emt 0:00:02]} e5 {[%emt 0:00:01]} 19. Qd1 {[%emt 0:00:01]} Nc5 {[%emt 0:00:01]} 20. Nxc5 {[%emt 0:00:02]} Qxc5+ {[%emt 0:00:02]} 21. Kh1 {[%emt 0:00:00]} Be6 {[%emt 0:00:01]} 22. Qd3 {[%emt 0:00:02]} Rfb8 {[%emt 0:00:01]} 23. Rfb1 {[%emt 0:00:01]} Rb6 {[%emt 0:00:02]} 24. Rxb6 {[%emt 0:00:01]} axb6 {[%emt 0:00:01]} 25. h3 {[%emt 0:00:01]} Ra3 {[%emt 0:00:01]} 26. Qc2 {[%emt 0:00:02]} h5 {[%emt 0:00:01]} 27. h4 {[%emt 0:00:03]} Qe3 {[%emt 0:00:02]} 28. Kh2 {[%emt 0:00:02]} Rc3 {[%emt 0:00:02]} 29. Qb2 {[%emt 0:00:02]} Bxc4 {[%emt 0:00:02]} 30. Bxc4 {[%emt 0:00:01]} Rxc4 {[%emt 0:00:00]} 31. Rd1 {[%emt 0:00:01]} Rd4 {[%emt 0:00:01]} 32. Rc1 {[%emt 0:00:06]} c5 {[%emt 0:00:02]} 33. Rg1 {[%emt 0:00:04]} Qf4+ {[%emt 0:00:01]} 34. Kh3 {[%emt 0:00:01]} g5 {[%emt 0:00:02]} 35. hxg5 {[%emt 0:00:01]} h4 {[%emt 0:00:01]} 36. g3 {[%emt 0:00:03]} hxg3 {[%emt 0:00:02]} 37. Rxg3 {[%emt 0:00:00]} Qd2 {[%emt 0:00:02]} 38. Qxb6 {[%emt 0:00:01]} Qd1 {[%emt 0:00:04]} 39. Qd8 {[%emt 0:00:00]} Qh1+ {[%emt 0:00:02]} 40. Kg4 {[%emt 0:00:00]} f5+ {[%emt 0:00:02] Zaman Zaman Zaman Zaman Zaman (Lag: Av=0.48s, max=0.7s) (Lag: Av=0.48s, max=0.7s) (Lag: Av=0.48s, max=0.7s) (Lag: Av=0.48s, max=0.7s) (Lag: Av=0.48s, max=0.7s)} 0-1

[Event "Stay Safe Play From Home 370"]
[Site "Emanuel Lasker Arena"]
[Date "2020.08.10"]
[Round "5"]
[White "NTBT_DHS"]
[Black "Lamborghini"]
[Result "1-0"]
[WhiteElo "2576"]
[BlackElo "2395"]
[PlyCount "59"]
[EventDate "2020.08.10"]
[EventType "swiss (blitz)"]

1. e4 {[%emt 0:00:01]} c5 {[%emt 0:00:01]} 2. Nf3 {[%emt 0:00:01]} d6 {[%emt 0:00:00]} 3. Nc3 {[%emt 0:00:00]} Nf6 {[%emt 0:00:02]} 4. e5 {[%emt 0:00:00]} dxe5 {[%emt 0:00:01]} 5. Nxe5 {[%emt 0:00:00]} Nbd7 {[%emt 0:00:00]} 6. Nc4 {[%emt 0:00:00]} g6 {[%emt 0:00:02]} 7. g3 {[%emt 0:00:01]} Bg7 {[%emt 0:00:01]} 8. Bg2 {[%emt 0:00:00]} O-O {[%emt 0:00:00]} 9. O-O {[%emt 0:00:00]} Rb8 {[%emt 0:00:01]} 10. a4 {[%emt 0:00:01]} Nb6 {[%emt 0:00:02]} 11. d3 {[%emt 0:00:00]} Nxc4 {[%emt 0:00:01]} 12. dxc4 {[%emt 0:00:00]} Qxd1 {[%emt 0:00:01]} 13. Rxd1 {[%emt 0:00:00]} Be6 {[%emt 0:00:00]} 14. Bf4 {[%emt 0:00:01]} Rbd8 {[%emt 0:00:05]} 15. Bxb7 {[%emt 0:00:01]} Nh5 {[%emt 0:00:02]} 16. Bc7 {[%emt 0:00:02]} Rxd1+ {[%emt 0:00:01]} 17. Rxd1 {[%emt 0:00:00]} Bxc3 {[%emt 0:00:00]} 18. bxc3 {[%emt 0:00:00]} Bxc4 {[%emt 0:00:00]} 19. Rd7 {[%emt 0:00:03]} Re8 {[%emt 0:00:02]} 20. Bc6 {[%emt 0:00:01]} Rc8 {[%emt 0:00:07]} 21. Bb7 {[%emt 0:00:06]} Re8 {[%emt 0:00:01]} 22. Bc6 {[%emt 0:00:01]} Rc8 {[%emt 0:00:01]} 23. Bb5 {[%emt 0:00:00]} Bxb5 {[%emt 0:00:02]} 24. axb5 {[%emt 0:00:00]} Nf6 {[%emt 0:00:01]} 25. Rd8+ {[%emt 0:00:04]} Rxd8 {[%emt 0:00:01]} 26. Bxd8 {[%emt 0:00:00]} Nd5 {[%emt 0:00:00]} 27. c4 {[%emt 0:00:02]} Nb6 {[%emt 0:00:00]} 28. Bxe7 {[%emt 0:00:01]} Nxc4 {[%emt 0:00:01]} 29. Bxc5 {[%emt 0:00:00]} Nd6 {[%emt 0:00:03]} 30. Bxd6 {[%emt 0:00:01] Lamborghini gibt auf Lamborghini gibt auf Lamborghini gibt auf Lamborghini gibt auf Lamborghini gibt auf (Lag: Av=0.62s, max=0.8s) (Lag: Av=0.62s, max=0.8s) (Lag: Av=0.62s, max=0.8s) (Lag: Av=0.62s, max=0.8s) (Lag: Av=0.62s, max=0.8s)} 1-0

[Event "Stay Safe Play From Home 370"]
[Site "Emanuel Lasker Arena"]
[Date "2020.08.10"]
[Round "6"]
[White "SoulofWolf"]
[Black "Greblha"]
[Result "1-0"]
[WhiteElo "2135"]
[BlackElo "1977"]
[PlyCount "79"]
[EventDate "2020.08.10"]
[EventType "swiss (blitz)"]

1. d4 {[%emt 0:00:01]} c6 {[%emt 0:00:01]} 2. Nf3 {[%emt 0:00:00]} d5 {[%emt 0:00:00]} 3. Bg5 {[%emt 0:00:00]} Nf6 {[%emt 0:00:01]} 4. c3 {[%emt 0:00:00]} Ne4 {[%emt 0:00:01]} 5. Bf4 {[%emt 0:00:01]} Bg4 {[%emt 0:00:01]} 6. h3 {[%emt 0:00:01]} Bxf3 {[%emt 0:00:01]} 7. exf3 {[%emt 0:00:00]} Nf6 {[%emt 0:00:01]} 8. Bd3 {[%emt 0:00:01]} e6 {[%emt 0:00:01]} 9. Qc2 {[%emt 0:00:00]} Bd6 {[%emt 0:00:01]} 10. Bg5 {[%emt 0:00:01]} Nbd7 {[%emt 0:00:02]} 11. Nd2 {[%emt 0:00:01]} Qb6 {[%emt 0:00:01]} 12. Nb3 {[%emt 0:00:01]} c5 {[%emt 0:00:01]} 13. Be2 {[%emt 0:00:02]} c4 {[%emt 0:00:01]} 14. Nd2 {[%emt 0:00:00]} h6 {[%emt 0:00:01]} 15. Bh4 {[%emt 0:00:01]} a5 {[%emt 0:00:01]} 16. O-O {[%emt 0:00:01]} a4 {[%emt 0:00:01]} 17. Rfb1 {[%emt 0:00:02]} O-O {[%emt 0:00:02]} 18. b3 {[%emt 0:00:01]} Qa5 {[%emt 0:00:04]} 19. bxc4 {[%emt 0:00:02]} dxc4 {[%emt 0:00:01]} 20. Nxc4 {[%emt 0:00:00]} Qc7 {[%emt 0:00:02]} 21. Nxd6 {[%emt 0:00:01]} Qxd6 {[%emt 0:00:01]} 22. Bg3 {[%emt 0:00:00]} Qd5 {[%emt 0:00:02]} 23. f4 {[%emt 0:00:05]} Ne4 {[%emt 0:00:01]} 24. Bf3 {[%emt 0:00:00]} f5 {[%emt 0:00:01]} 25. Re1 {[%emt 0:00:04]} Ndf6 {[%emt 0:00:01]} 26. Bh4 {[%emt 0:00:02]} Rfc8 {[%emt 0:00:01]} 27. Bxf6 {[%emt 0:00:00]} Rxc3 {[%emt 0:00:03]} 28. Qb2 {[%emt 0:00:05]} gxf6 {[%emt 0:00:03]} 29. Bxe4 {[%emt 0:00:01]} Qxd4 {[%emt 0:00:05]} 30. Qxb7 {[%emt 0:00:06]} Rd8 {[%emt 0:00:03]} 31. Bf3 {[%emt 0:00:01]} Rxf3 {[%emt 0:00:01]} 32. gxf3 {[%emt 0:00:01]} Qxf4 {[%emt 0:00:01]} 33. Rad1 {[%emt 0:00:05]} Rf8 {[%emt 0:00:01]} 34. Rd7 {[%emt 0:00:02]} Qg5+ {[%emt 0:00:01]} 35. Kh1 {[%emt 0:00:00]} Qg6 {[%emt 0:00:01]} 36. Rg1 {[%emt 0:00:01]} Qxg1+ {[%emt 0:00:01]} 37. Kxg1 {[%emt 0:00:00]} f4 {[%emt 0:00:01]} 38. Rg7+ {[%emt 0:00:01]} Kh8 {[%emt 0:00:01]} 39. Rh7+ {[%emt 0:00:00]} Kg8 {[%emt 0:00:01]} 40. Qg7# {[%emt 0:00:00] (Lag: Av=0.33s, max=0.7s) (Lag: Av=0.33s, max=0.7s) (Lag: Av=0.33s, max=0.7s) (Lag: Av=0.33s, max=0.7s) (Lag: Av=0.33s, max=0.7s)} 1-0

[Event "Stay Safe Play From Home 370"]
[Site "Emanuel Lasker Arena"]
[Date "2020.08.10"]
[Round "7"]
[White "Lazieri3"]
[Black "NTBT_DHS"]
[Result "0-1"]
[WhiteElo "2099"]
[BlackElo "2581"]
[PlyCount "126"]
[EventDate "2020.08.10"]
[EventType "swiss (blitz)"]

1. e4 {[%emt 0:00:01]} g6 {[%emt 0:00:06]} 2. Nc3 {[%emt 0:00:00] Lazieri3 offers a draw} Bg7 {[%emt 0:00:00]} 3. Nf3 {[%emt 0:00:00]} d6 {[%emt 0:00:00]} 4. d4 {[%emt 0:00:00]} Nf6 {[%emt 0:00:00]} 5. Be3 {[%emt 0:00:00]} O-O {[%emt 0:00:01]} 6. Qd2 {[%emt 0:00:01]} Ng4 {[%emt 0:00:00]} 7. Bf4 {[%emt 0:00:01]} e5 {[%emt 0:00:01]} 8. dxe5 {[%emt 0:00:01]} dxe5 {[%emt 0:00:00]} 9. Qxd8 {[%emt 0:00:01]} Rxd8 {[%emt 0:00:00]} 10. Bg3 {[%emt 0:00:00]} c6 {[%emt 0:00:01]} 11. h3 {[%emt 0:00:01]} Nf6 {[%emt 0:00:01]} 12. Nxe5 {[%emt 0:00:03]} Re8 {[%emt 0:00:01]} 13. Bc4 {[%emt 0:00:02]} Be6 {[%emt 0:00:02]} 14. O-O-O {[%emt 0:00:02]} Na6 {[%emt 0:00:03]} 15. Bxa6 {[%emt 0:00:03]} bxa6 {[%emt 0:00:00]} 16. Nxc6 {[%emt 0:00:01]} Rac8 {[%emt 0:00:01]} 17. Nxa7 {[%emt 0:00:04]} Rc5 {[%emt 0:00:01]} 18. Bd6 {[%emt 0:00:02]} Rxc3 {[%emt 0:00:05]} 19. bxc3 {[%emt 0:00:02]} Nxe4 {[%emt 0:00:00]} 20. Bb4 {[%emt 0:00:03]} Nxf2 {[%emt 0:00:02]} 21. Rhe1 {[%emt 0:00:01]} Nxd1 {[%emt 0:00:01]} 22. Rxd1 {[%emt 0:00:00]} Bxa2 {[%emt 0:00:02]} 23. Kb2 {[%emt 0:00:01]} Bc4 {[%emt 0:00:01]} 24. Rd6 {[%emt 0:00:01]} Bf1 {[%emt 0:00:03]} 25. g3 {[%emt 0:00:02]} Rb8 {[%emt 0:00:01]} 26. Nc6 {[%emt 0:00:05]} Re8 {[%emt 0:00:04]} 27. Nd4 {[%emt 0:00:02]} Bxh3 {[%emt 0:00:01]} 28. Rxa6 {[%emt 0:00:01]} h5 {[%emt 0:00:01]} 29. Nc6 {[%emt 0:00:02]} Kh7 {[%emt 0:00:02]} 30. Ne7 {[%emt 0:00:01]} Be6 {[%emt 0:00:02]} 31. Nc6 {[%emt 0:00:01]} Rc8 {[%emt 0:00:01]} 32. Nd4 {[%emt 0:00:01]} Rc4 {[%emt 0:00:02]} 33. Nxe6 {[%emt 0:00:01]} Rxb4+ {[%emt 0:00:00]} 34. Ka3 {[%emt 0:00:01]} Rg4 {[%emt 0:00:01]} 35. Nxg7 {[%emt 0:00:01]} Kxg7 {[%emt 0:00:01]} 36. c4 {[%emt 0:00:02]} Rxc4 {[%emt 0:00:01]} 37. Kb2 {[%emt 0:00:02]} Rg4 {[%emt 0:00:01]} 38. Ra3 {[%emt 0:00:00]} g5 {[%emt 0:00:01]} 39. Kc1 {[%emt 0:00:01]} f6 {[%emt 0:00:01]} 40. Kd2 {[%emt 0:00:00]} Kg6 {[%emt 0:00:00]} 41. Ke2 {[%emt 0:00:00]} Rc4 {[%emt 0:00:01]} 42. c3 {[%emt 0:00:01]} Rg4 {[%emt 0:00:01]} 43. Kf3 {[%emt 0:00:00]} Rc4 {[%emt 0:00:03]} 44. Rb3 {[%emt 0:00:00]} Rc7 {[%emt 0:00:00]} 45. Rb2 {[%emt 0:00:01]} g4+ {[%emt 0:00:00]} 46. Kg2 {[%emt 0:00:00]} Rxc3 {[%emt 0:00:00]} 47. Rd2 {[%emt 0:00:00]} Rf3 {[%emt 0:00:00]} 48. Rd8 {[%emt 0:00:00]} Rf5 {[%emt 0:00:00]} 49. Rg8+ {[%emt 0:00:00]} Kf7 {[%emt 0:00:00]} 50. Ra8 {[%emt 0:00:00]} Re5 {[%emt 0:00:00]} 51. Ra7+ {[%emt 0:00:00]} Kg6 {[%emt 0:00:00]} 52. Ra6 {[%emt 0:00:00]} Rf5 {[%emt 0:00:00]} 53. Kg1 {[%emt 0:00:00]} Rf3 {[%emt 0:00:00]} 54. Kg2 {[%emt 0:00:00]} Kf5 {[%emt 0:00:00]} 55. Rb6 {[%emt 0:00:00]} Kg6 {[%emt 0:00:00]} 56. Rb5 {[%emt 0:00:00]} h4 {[%emt 0:00:00]} 57. Ra5 {[%emt 0:00:00]} h3+ {[%emt 0:00:00]} 58. Kh2 {[%emt 0:00:01]} Rf2+ {[%emt 0:00:00]} 59. Kg1 {[%emt 0:00:00]} Rf3 {[%emt 0:00:00]} 60. Kh1 {[%emt 0:00:00]} Rxg3 {[%emt 0:00:00]} 61. Kh2 {[%emt 0:00:00]} Rg2+ {[%emt 0:00:00]} 62. Kh1 {[%emt 0:00:00]} Rb2 {[%emt 0:00:00]} 63. Rg5+ {[%emt 0:00:00]} Kxg5 {[%emt 0:00:01] Time Time Time Time Time (Lag: Av=0.84s, max=1.3s) (Lag: Av=0.84s, max=1.3s) (Lag: Av=0.84s, max=1.3s) (Lag: Av=0.84s, max=1.3s) (Lag: Av=0.84s, max=1.3s)} 0-1

[Event "Stay Safe Play From Home 370"]
[Site "Emanuel Lasker Arena"]
[Date "2020.08.10"]
[Round "8"]
[White "NTBT_DHS"]
[Black "Greblha"]
[Result "1-0"]
[WhiteElo "2583"]
[BlackElo "1964"]
[PlyCount "57"]
[EventDate "2020.08.10"]
[EventType "swiss (blitz)"]

1. e4 {[%emt 0:00:01]} c6 {[%emt 0:00:00]} 2. Nf3 {[%emt 0:00:00]} d5 {[%emt 0:00:00]} 3. exd5 {[%emt 0:00:00]} cxd5 {[%emt 0:00:01]} 4. d4 {[%emt 0:00:00]} Nc6 {[%emt 0:00:00]} 5. Bb5 {[%emt 0:00:01]} g6 {[%emt 0:00:00]} 6. O-O {[%emt 0:00:01]} Bd7 {[%emt 0:00:01]} 7. c4 {[%emt 0:00:01]} Bg7 {[%emt 0:00:00]} 8. cxd5 {[%emt 0:00:01]} Nb4 {[%emt 0:00:02]} 9. Bc4 {[%emt 0:00:02]} Nf6 {[%emt 0:00:02]} 10. Qb3 {[%emt 0:00:01]} a5 {[%emt 0:00:03]} 11. a3 {[%emt 0:00:01]} Na6 {[%emt 0:00:01]} 12. Qxb7 {[%emt 0:00:02]} Qc8 {[%emt 0:00:01]} 13. Bxa6 {[%emt 0:00:03]} Qxb7 {[%emt 0:00:02]} 14. Bxb7 {[%emt 0:00:01]} Rb8 {[%emt 0:00:00]} 15. Bc6 {[%emt 0:00:00]} Ne4 {[%emt 0:00:02]} 16. Nc3 {[%emt 0:00:02]} Kd8 {[%emt 0:00:01]} 17. Nxe4 {[%emt 0:00:01]} f5 {[%emt 0:00:01]} 18. Nc5 {[%emt 0:00:01]} Bxc6 {[%emt 0:00:01]} 19. dxc6 {[%emt 0:00:00]} Kc7 {[%emt 0:00:00]} 20. Ne6+ {[%emt 0:00:00]} Kd6 {[%emt 0:00:01]} 21. Nxg7 {[%emt 0:00:00]} Kxc6 {[%emt 0:00:01]} 22. Bh6 {[%emt 0:00:00]} Rxb2 {[%emt 0:00:01]} 23. Rfe1 {[%emt 0:00:00]} Rhb8 {[%emt 0:00:02]} 24. Rac1+ {[%emt 0:00:01]} Kd5 {[%emt 0:00:01]} 25. Rc5+ {[%emt 0:00:06]} Kd6 {[%emt 0:00:01]} 26. Bf4+ {[%emt 0:00:00]} Kd7 {[%emt 0:00:01]} 27. Rc7+ {[%emt 0:00:01]} Kd8 {[%emt 0:00:01]} 28. Ng5 {[%emt 0:00:02]} R2b6 {[%emt 0:00:04]} 29. Nf7# {[%emt 0:00:01] (Lag: Av=0.64s, max=1.4s) (Lag: Av=0.64s, max=1.4s) (Lag: Av=0.64s, max=1.4s) (Lag: Av=0.64s, max=1.4s) (Lag: Av=0.64s, max=1.4s)} 1-0

[Event "Stay Safe Play From Home 370"]
[Site "Emanuel Lasker Arena"]
[Date "2020.08.10"]
[Round "9"]
[White "Skandi"]
[Black "NTBT_DHS"]
[Result "0-1"]
[WhiteElo "1791"]
[BlackElo "2584"]
[PlyCount "28"]
[EventDate "2020.08.10"]
[EventType "swiss (blitz)"]

1. e4 {[%emt 0:00:01]} g6 {[%emt 0:00:01]} 2. h4 {[%emt 0:00:02]} d5 {[%emt 0:00:01]} 3. exd5 {[%emt 0:00:02]} Nf6 {[%emt 0:00:00]} 4. Nc3 {[%emt 0:00:01]} Nxd5 {[%emt 0:00:01]} 5. h5 {[%emt 0:00:01]} Bg7 {[%emt 0:00:00]} 6. hxg6 {[%emt 0:00:03]} hxg6 {[%emt 0:00:00]} 7. Rxh8+ {[%emt 0:00:02]} Bxh8 {[%emt 0:00:00]} 8. d4 {[%emt 0:00:02]} Nc6 {[%emt 0:00:02]} 9. Be3 {[%emt 0:00:01]} Nxe3 {[%emt 0:00:01]} 10. fxe3 {[%emt 0:00:01]} e5 {[%emt 0:00:00]} 11. Nf3 {[%emt 0:00:01]} exd4 {[%emt 0:00:01]} 12. exd4 {[%emt 0:00:01]} Nxd4 {[%emt 0:00:00]} 13. Nxd4 {[%emt 0:00:03]} Qh4+ {[%emt 0:00:01]} 14. Ke2 {[%emt 0:00:04]} Bxd4 {[%emt 0:00:01] Skandi gibt auf Skandi gibt auf Skandi gibt auf Skandi gibt auf Skandi gibt auf (Lag: Av=0.86s, max=1.5s) (Lag: Av=0.86s, max=1.5s) (Lag: Av=0.86s, max=1.5s) (Lag: Av=0.86s, max=1.5s) (Lag: Av=0.86s, max=1.5s)} 0-1